• 首页
  • 本馆介绍
  • 公告通知
  • 最新文献
  • 馆藏检索
  • 电子资源
  • 读者导购
  • 参考咨询
  • 我的图书馆
  • 登录
  • 详细信息显示
  • 放入我的书架
  • 预约/预借图书
  • 作者相关作品
  • 分类相关作品
  • 丛书相关作品
  • 出版社相关作品

书目信息

  • 表格格式
  • 工作单格式
  • 卡片格式
题名:
计算神经科学
    
 
作者: 郭爱克
分册:  
出版信息: 上海   上海科技教育出版社  2000
页数: 276
开本: 20cm
丛书名: 脑科学丛书
单 册:
中图分类: R322.85
科图分类:
主题词: 人体形态学
电子资源:
ISBN: 7-5428-2340-X
000 00566nam0 2200205 450
001 0741144344
005 20070817112544.34
010    @a7-5428-2340-X@b精装@d¥25.00
100    @a20070817d km y0chiy0120 ea
101 0  @achi
200 1  @a计算神经科学@Aji suan shen jing ke xue@f郭爱克@Fguo ai ke
210    @a上海@c上海科技教育出版社@d2000
215    @a276@d20cm
225 2  @a脑科学丛书
410  0 @12001 @a脑科学丛书
606 0  @a人体形态学
690    @aR322.85@v3
701  0 @a郭爱克@Aguo ai ke
801  0 @aCN@bPFT@c20070817
905    @a213230@dR322.85@en1@f1
    
    计算神经科学/郭爱克.-上海:上海科技教育出版社,2000
    276;20cm.-(脑科学丛书)
    
    
    ISBN 7-5428-2340-X(精装):¥25.00
    
●
相关链接 在E读中查询图书 在五车中查询图书 在当当中查询图书 在豆瓣中查询图书


正题名:计算神经科学     索取号:R322.85/n1         预约/预借

序号 登录号 条形码 馆藏地/架位号 状态 备注
1 6600898   266008982   生命科学系资料室/ [索取号:R322.85/n1] 在馆    
唐山师范学院图书馆 欢迎您!
大连网信软件有限公司© 版权所有